| 000 | 00496nam a2200181 4500 | ||
|---|---|---|---|
| 001 | 20133 | ||
| 005 | 20230410115652.0 | ||
| 008 | 060907n2004 dr spa | ||
| 035 | _9funglode20285 | ||
| 041 | _aFR | ||
| 050 | 1 | 4 | _aHG 171 M273v 2004 |
| 100 | _aMandroux, Gilles | ||
| 245 | 1 |
_aVous et votre banque / _cGilles Mandroux, Jean-Francois Tardiveau |
|
| 260 |
_aParis : _bGroup Mieux Vivre, _c2004 |
||
| 300 | _a217 p. | ||
| 700 | _aTardiveau, Jean-Francois | ||
| 942 |
_2lcc _cbk |
||
| 999 |
_c45700 _d45700 |
||